Most played Roblox game since 2006 - Statistics

General Stats
  • This quiz has been taken 15 times
  • The average score is 5 of 18
Answer Stats
Longest Game Visits when it was most played % Correct
Apr 2020-Jul 2023 Adopt Me 5.7b-33b
89%
July 2017-Apr 2020 Meep City 522m-5.7b
67%
April 2015-Oct 2016 Work at a pizza place 40.3m-189m
44%
Mar 2017-July 2017 Murder Mystery 2 348m-522m
33%
Nov 2012-Oct 2014 Base Wars 16.8m-35.5m
22%
Jul 2023- Present Brookhaven RP 33b-
22%
Dec 2009-Jun 2011 Heli Wars 2.23m-7.39m
22%
Dec 2016-Mar 2017 Prison Life 238m-348m
22%
Oct 2016-Dec 2016 Roblox High School 189m-238m
22%
Jun 2011-Jan 2012 Survive the Disasters 7.39m-10.2m
22%
Nov 2007-Dec 2009 Ultimate Paintball 63.2k-2.23m
22%
Jan 2012-Nov 2012 Welcome to the town of Robloxia 10.2m-16.8m
22%
Oct 2014-April 2015 Call of Robloxia 5 35.5m-40.3m
11%
Mar 2007-Nov 2007 Minigame World 5,132-63.2k
11%
Mar 2006-Jun 2006 Nukes 4 kidz 22-112
11%
Jun 2006-Nov 2006 ROBLOX world headquarters 112-739
11%
Nov 2006-Dec 2006 The Hood 739-953
11%
Dec 2006-Mar 2007 WIIP 953-5,132
11%
No matching quizzes found
Score Distribution
Percent of People with Each Score
Percentile by Number Answered
Your Score History
You have not taken this quiz